1990s Disney Movies - Sudden Death - Statistics

General Stats
  • This quiz has been taken 165 times
  • The average score is 5 of 9
Answers on the Grid
Answers color-coded by a green-red scale on the quiz's grid according to % correct below.
Aladdin
The Little Mermaid
The Black Cauldron
Beauty and the Beast
Oliver & Company
Tarzan
The Emperor's New Groove
Mulan
Shrek
Hercules
Treasure Planet
The Rescuers Down Under
Lilo & Stitch
The Hunchback of Notre Dame
Brother Bear
Pocohontas
The Great Mouse Detective
The Lion King
Cinderella
Moana
 
Answer Stats
Answer % Correct
Aladdin
94%
Beauty and the Beast
57%
Mulan
51%
The Lion King
49%
Hercules
48%
Pocohontas
48%
Tarzan
45%
The Hunchback of Notre Dame
40%
The Rescuers Down Under
26%
No matching quizzes found
Score Distribution
Percent of People with Each Score
Percentile by Number Answered
Your Score History
You have not taken this quiz